01370naa a22003257a 4500001001000000003000900010005001700019007000300036008003400039040005400073041000900127072003100136090001800167100001600185100002500201245012200226260003700348500017200385650002000557650001300577650002900590650001000619650001800629650001000647773016900657909003600826942001400862999001900876952014900895BR7802747BR-BrBNA20240918174058.0ta230509b bl.||||| |||| 00| 0 por d aBR-BrBNAbporcBiblioteca Nacional de Agricultura a(Pt) aF00; F25b1440b3820bG514 aF00 BR78027471 aPaiva, J.B.1 aAlbuquerque, M.A. de1 aAdubacao nitrogenada em feijao de corda, Vigna sinensis (L.), Savi nos Municipios de Quixada e Caucaia-Ceara [Brasil]3 aFortaleza, CE (Brasil): c1977.  aConvenio SUDENE/UFC - para melhoramento e experimentacao com culturas alimentares. Relatorio de Pesquisa 1974 Fortaleza, CE (Brasil): 1977. p. 58-63 (BR7802747-AM)F00  aFEIJAO DE CORDA aADUBACAO aFERTILIZANTE NITROGENADO aCHUVA aPRODUTIVIDADE aCEARA0 tConvenio SUDENE/UFC - para melhoramento e experimentacao com culturas alimentares. Relatorio de Pesquisa 1974wF00 BR7802747gFortaleza, CE (Brasil), 1977. p. 58-63 a202404bLuciac55dLucia Elande cAM2AGRIS c308780d308780 002AGRIS40708Acervo Gerala41918b41918cAgrobasel0o1440 BR7303964r2024-05-20t01yAM10d2024-04-11ePortaria Interministerial nÂș 164/94